|
|
|
|
| LEADER |
00892nam a2200253 a 4500 |
| 001 |
00024895 |
| 008 |
120426s2009 bg wr l f0 a0mul d |
| 040 |
|
|
|a DLC
|c DLC
|d MH
|d DLC
|d MH
|d NYDWH
|d MH-L
|d BD-DhAAL
|
| 082 |
0 |
4 |
|a 340.095492
|2 22
|
| 110 |
1 |
|
|a Bangladesh.
|
| 245 |
1 |
|
|a Bangladesh Gazette - 2009, Act-1-66,Ordinance-1-7,
|n Vol.XXXVIII
|
| 260 |
|
|
|a Dacca.
|
| 300 |
|
|
|a v.
|c 24 cm.
|
| 541 |
1 |
|
|e 00024895
|
| 650 |
|
0 |
|a Gazettes
|z Bangladesh.
|
| 650 |
|
0 |
|a Law
|z Bangladesh.
|
| 650 |
|
7 |
|a LAW
|2 unbist
|
| 650 |
|
7 |
|a GAZETTES
|2 unbist
|
| 650 |
|
7 |
|a BANGLADESH
|2 unbist
|
| 651 |
|
0 |
|a Bangladesh
|x Politics and government.
|
| 655 |
|
7 |
|a Official gazettes.
|2 lcgft
|
| 852 |
1 |
|
|a Ayesha Abed Library
|j General shelf
|
| 999 |
|
|
|c 12100
|d 12100
|
| 952 |
|
|
|0 0
|1 0
|2 ddc
|4 0
|6 340_095492000000000_BAN
|7 0
|9 20077
|a BRACUL
|b BRACUL
|c REF
|d 2012-04-26
|l 1
|o 340.095492 BAN
|p 3010024895
|r 2016-11-29
|s 2016-11-29
|t 1
|w 2012-04-26
|y 1HOUR
|